|
|
|
|
| LEADER |
00000nam0a2200000 4500 |
| 001 |
232724 |
| 005 |
20231031203413.0 |
| 010 |
|
|
|a 5020071668
|
| 020 |
|
|
|a RU
|b 89-83550
|
| 035 |
|
|
|a (RuTPU)RU\TPU\book\253778
|
| 090 |
|
|
|a 232724
|
| 100 |
|
|
|a 20130218d1989 k a0rusy5003 ca
|
| 101 |
0 |
|
|a rus
|
| 102 |
|
|
|a RU
|
| 105 |
|
|
|a y z 001zy
|
| 200 |
1 |
|
|a Информатика и теория развития
|f А. К. Айламазян, Е. В. Стась
|g Российская академия наук (РАН), Институт программных систем им. А. К. Айламазяна (ИПС)
|
| 210 |
|
|
|a Москва
|c Наука
|d 1989
|
| 215 |
|
|
|a 172,[2] с.
|d 22 см
|
| 320 |
|
|
|a Библиогр.: с. 170-173 (113 назв.)
|
| 606 |
1 |
|
|a Информатика
|2 stltpush
|3 (RuTPU)RU\TPU\subj\12879
|
| 610 |
1 |
|
|a развитие
|
| 610 |
1 |
|
|a категории
|
| 610 |
1 |
|
|a информационная концепция
|
| 610 |
1 |
|
|a самоорганизация
|
| 610 |
1 |
|
|a моделирование
|
| 610 |
1 |
|
|a информатизация
|
| 610 |
1 |
|
|a общество
|
| 610 |
1 |
|
|a научные направления
|
| 610 |
1 |
|
|a информационный поток
|
| 686 |
|
|
|a Ч23
|2 rubbk
|
| 700 |
|
1 |
|a Айламазян
|b А. К.
|g Альфред Карлович
|4 070
|
| 701 |
|
1 |
|a Стась
|b Е. В.
|g Елена Валентиновна
|4 070
|
| 712 |
0 |
2 |
|a Российская академия наук (РАН)
|b Институт программных систем им. А. К. Айламазяна (ИПС)
|2 stltpush
|3 (RuTPU)RU\TPU\col\4285
|
| 801 |
|
0 |
|a RU
|b RuMRKP
|c 19950417
|g psbo
|
| 801 |
|
1 |
|a RU
|b 63413507
|c 20130218
|
| 801 |
|
2 |
|a RU
|b 63413507
|c 20131016
|g RCR
|
| 942 |
|
|
|c BK
|